Joseph Boulogne nommé Chevalier de Saint-Georges

Na minha lista:
Detalhes bibliográficos
Autor principal: Emil F Smidak
Formato: Livro
Idioma:Undetermined
Publicado em: Suisse Fondation Avenira CH-6006 Lucerne 1999
Assuntos:
Tags: Adicionar Tag
Sem tags, seja o primeiro a adicionar uma tag!
Thư viện lưu trữ: Trung tâm Học liệu Trường Đại học Cần Thơ
LEADER 00547nam a2200181Ia 4500
001 CTU_35294
008 210402s9999 xx 000 0 und d
082 |a 781.092 
082 |b S639 
100 |a Emil F Smidak 
245 0 |a Joseph Boulogne nommé Chevalier de Saint-Georges 
245 0 |c Emil F Smidak 
260 |a Suisse 
260 |b Fondation Avenira CH-6006 Lucerne 
260 |c 1999 
650 |a music - history and criticism 
904 |i Nguyễn Quang Điền, 000229 
980 |a Trung tâm Học liệu Trường Đại học Cần Thơ